Un siglo de economía política chilena: 1890-1990
Uloženo v:
| Hlavní autor: | |
|---|---|
| Médium: | Kniha |
| Jazyk: | španělština |
| Vydáno: |
Santiago
Andrés Bello
1998
|
| Vydání: | 2a. ed |
| Témata: | |
| Tagy: |
Přidat tag
Žádné tagy, Buďte první, kdo vytvoří štítek k tomuto záznamu!
|
MARC
| LEADER | 00000nam a2200000 a 4500 | ||
|---|---|---|---|
| 001 | UCO3354 | ||
| 003 | CL-VaPUC | ||
| 008 | 000720e19980000CL |||||||||||||||||spa|d | ||
| 082 | 0 | 4 | |a 330.983 |b MEL |2 21 |
| 100 | |a Meller Bock, Patricio |e autor |9 603136 | ||
| 245 | 1 | 3 | |a Un siglo de economía política chilena: 1890-1990 |
| 250 | |a 2a. ed | ||
| 300 | |a 380 p | ||
| 942 | |c BK | ||
| 945 | |d 20000720 00:00:00 |a rbrito | ||
| 260 | |a Santiago |b Andrés Bello |c 1998 | ||
| 650 | 0 | |a Economía |x Historia |9 317048 | |
| 650 | 7 | |a ECONOMIA SIGLOS 19 - 20 |2 CL-VaPUC |9 447458 | |
| 650 | 0 | |a Política económica |9 255029 | |
| 650 | 7 | |a EXPORTACIONES |2 CL-VaPUC |9 255382 | |
| 650 | 0 | |a Crecimiento económico |9 314037 | |
| 583 | |a last modification |c 20000720 00:00:00 |k Rodrigo Vera | ||
| 999 | |c 289812 |d 289810 | ||
| 952 | |0 0 |1 0 |4 0 |6 330_983000000000000_MEL_1998 |7 0 |8 R |9 338560 |a BIBENE |b BIBENE |d 2019-11-20 |i 3628418 |o 330.983 MEL 1998 |p 3628418 |r 2025-01-15 |w 2019-11-20 |y BK_R |k ICO | ||
| 952 | |0 0 |1 0 |4 0 |6 330_983000000000000_MEL_1998 |7 0 |8 R |9 338561 |a BIBENE |b BIBENE |d 2019-11-20 |i 3628426 |o 330.983 MEL 1998 |p 3628426 |r 2025-01-15 |w 2019-11-20 |y BK_R |k ICO | ||
| 952 | |0 0 |1 0 |4 0 |6 330_983000000000000_MEL_1998 |7 0 |8 R |9 338562 |a BIBGIM |b BIBGIM |d 2019-11-20 |i 3787281 |o 330.983 MEL 1998 |p 3787281 |r 2025-01-15 |w 2019-11-20 |y BK_R |k GIM | ||
| 952 | |0 0 |1 0 |4 0 |6 330_983000000000000_MEL_1998 |7 0 |8 R |9 338563 |a BIBHIS |b BIBHIS |d 2019-11-20 |i 3806316 |l 1 |o 330.983 MEL 1998 |p 3806316 |r 2024-01-30 |s 2022-06-29 |w 2019-11-20 |y BK_R |k HIS | ||